| 000 | 01280nam a2200337 i 4500 | ||
|---|---|---|---|
| 001 | bg | ||
| 003 | BPK | ||
| 005 | 20200930133824.0 | ||
| 008 | 000114s1980 pl a f f |000 0 pol | ||
| 015 | _aPB 1981/2014 | ||
| 040 |
_aWA N _cBPK |
||
| 041 | 0 | _apol | |
| 080 | _a624.01/.07:531 | ||
| 080 | _a(083) | ||
| 080 | _a(075.8) | ||
| 100 | 1 |
_aCiesielski, Roman _d(1924-2004) _eAutor |
|
| 245 | 1 | 0 |
_aMechanika budowli : _bskrypt dla studentów wyższych szkół technicznych / _cRoman Ciesielski, Andrzej Flaga, Janusz Kawecki ; Politechnika Krakowska im. Tadeusza Kościuszki. |
| 250 | _aWyd. 4 rozsz. | ||
| 260 |
_aKraków : _bPK, _c1980. |
||
| 300 |
_a322 s. : _bil., tab., wykr. ; _c24 cm. |
||
| 500 | _aWyd. poprz. pt.: Tablice pomocnicze do obliczeń z mechaniki budowli. | ||
| 504 | _aBibliogr. s. 317-318. | ||
| 655 | 4 | _aPodręczniki akademickie | |
| 650 | 4 | _aMechanika budowli | |
| 655 | 4 | _aTablice i wzory | |
| 700 | 1 |
_aKawecki, Janusz _d(1943- ) _eAutor |
|
| 710 | 2 |
_aPolitechnika Krakowska im. Tadeusza Kościuszki _bWydawnictwo _4pbl. |
|
| 700 | 1 |
_aFlaga, Andrzej _d(1951- ) _eAutor |
|
| 856 |
_uhttp://koha.tu.koszalin.pl/cgi-bin/koha/opac-detail.pl?biblionumber=19586 _yKatalog online BPK |
||
| 942 |
_2UKD _cKS |
||
| 999 |
_c19586 _d19586 |
||